[Event "VAM Hoogeveen op"]
[Site "Hoogeveen"]
[Date "1998.10.23"]
[Round "8"]
[White "Gausel, Einar"]
[Black "Sherzer, Alex"]
[Result "1/2-1/2"]
[WhiteElo "2540"]
[BlackElo "2470"]

1.d4 Nf6 2.Nf3 g6 3.c4 Bg7 4.Nc3 O-O 5.e4 d6 6.Be2 e5 7.Be3 exd4 8.Nxd4 Re8
9.f3 Nc6 10.Qd2 Nh5 11.O-O-O Nf4 12.Bf1 Ne6 13.Nc2 Nc5 14.h4 Be6 15.Nd4 Nxd4
16.Bxd4 h5 17.Kb1 f5 18.Bxg7 Kxg7 19.Qd4+ Qf6 20.Qxf6+ Kxf6 21.exf5 Bxf5+
22.Kc1 Kg7 23.Be2 Re5 24.Rhe1 Rae8 25.Kd2 c6 26.Bf1 Rxe1 27.Rxe1 Rxe1 28.Kxe1 Kf6
29.Kd2 Ke5 30.Ke3 a6 31.Be2 d5 32.cxd5 cxd5 33.f4+ Kd6 34.Bf3 Be6 35.Kd4 Bf7
36.Nxd5 Ne6+ 37.Ke3 Ng7 38.Nc3 Nf5+ 39.Kf2 b5 40.b4 Nd4 41.Be4 Kc7 42.g4 hxg4
43.Kg3 a5 44.a3 axb4 45.axb4 Kd6 46.Kxg4 Ke7 47.Kg3 Kf6 48.Kf2 Bc4 49.Ke3 Nf5+
50.Bxf5 Kxf5 51.Ne4 Kg4 52.Nd6 Bf1 53.Ke4 Kxh4 54.Ke5 Kg4 55.Ne4 Bc4 56.Nf6+ Kf3
57.Ne8 Kg4 58.Nd6 Bf1 59.f5 gxf5 60.Nxf5 Kg5 61.Nd6 Kg6 62.Kd5 Kf6 63.Kc6 Ke7
64.Nxb5 Kd8 65.Nd6 Be2  1/2-1/2

[Event "Andres Clemente Vazquez mem"]
[Site "Guiines"]
[Date "1998.10.25"]
[Round "12"]
[White "Elissalt Cardenas, Hector"]
[Black "Suri, Alberto"]
[Result "1-0"]
[WhiteElo "2310"]
[BlackElo "2310"]

1.d4 Nf6 2.c4 g6 3.Nc3 Bg7 4.e4 d6 5.Nf3 O-O 6.Be2 Nbd7 7.O-O e5 8.Re1 c6
9.Rb1 exd4 10.Nxd4 Re8 11.Bf1 Nc5 12.f3 a5 13.Be3 Nfd7 14.Qd2 Ne5 15.Rbd1 Ne6
16.Nc2 Bf8 17.Kh1 g5 18.Nd4 Nxd4 19.Bxd4 Re6 20.Na4 Nd7 21.e5 Bg7 22.exd6 Rxd6
23.Bb6 Rxd2 24.Bxd8 Rxd1 25.Rxd1 g4 26.Re1 b5 27.Re8+ Nf8 28.Nb6 Rb8 29.Bc7 Rxb6
30.Bxb6 Bd7 31.Ra8 Bxb2 32.Bc5 Bg7 33.fxg4 a4 34.g5 h6 35.Bxf8 Bxf8 36.gxh6  1-0

[Event "Wch U18"]
[Site "Oropesa del Mar"]
[Date "1998.10.25"]
[Round "1"]
[White "Pilaj, Herwig"]
[Black "Horvath, Adam"]
[Result "0-1"]
[WhiteElo "2215"]
[BlackElo "2455"]

1.Nf3 Nf6 2.d4 g6 3.c4 Bg7 4.Nc3 O-O 5.e4 d6 6.Be2 e5 7.Be3 exd4 8.Nxd4 Re8
9.f3 Nc6 10.Qd2 Nh5 11.Nxc6 bxc6 12.O-O f5 13.Bg5 Qd7 14.Kh1 Qf7 15.Rad1 f4
16.b4 Be5 17.Rfe1 h6 18.Bh4 Ng3+ 19.hxg3 g5 20.c5 Qh5 21.Kg1 fxg3 22.f4 Qxh4
23.Bc4+ Kh8 24.fxe5 Rf8  0-1

[Event "Hampstead IM4"]
[Site "Hampstead"]
[Date "1998.10.26"]
[Round "1"]
[White "Corkett, Anthony"]
[Black "Videki, Sandor"]
[Result "0-1"]
[WhiteElo "2240"]
[BlackElo "2420"]

1.d4 Nf6 2.Nf3 g6 3.c4 Bg7 4.Nc3 O-O 5.e4 d6 6.Be2 e5 7.O-O exd4 8.Nxd4 Re8
9.f3 Nc6 10.Be3 Nh5 11.f4 Nf6 12.Bf3 Bg4 13.Nxc6 Bxf3 14.Qxf3 bxc6 15.Rae1 Qc8
16.Bd2 Qg4 17.Qd3 Nd7 18.h3 Nc5 19.Qc2 Qe6 20.b3 Bd4+ 21.Kh2 Bxc3 22.Bxc3 Nxe4
23.Ba1 Re7 24.f5 gxf5 25.Rf3 d5 26.c5 f6 27.Ref1 Rg7 28.Rxf5 Ng3 29.Rxf6 Nxf1+
30.Rxf1 Qg6 31.Qd2 Qg3+ 32.Kh1 Rf7 33.Rxf7 Kxf7 34.Qd4 Qg5 35.h4 Qg6 36.Qe5 Re8
37.Qxc7+ Kg8 38.Bd4 Qg4 39.Bf6 Re2  0-1

[Event "Hampstead IM4"]
[Site "Hampstead"]
[Date "1998.10.26"]
[Round "1"]
[White "Pigott, John C"]
[Black "Gavriel, Tryfon"]
[Result "1-0"]
[WhiteElo "2370"]
[BlackElo "2195"]

1.d4 Nf6 2.c4 g6 3.Nc3 Bg7 4.e4 d6 5.Be2 O-O 6.Nf3 e5 7.Be3 Ng4 8.Bg5 f6
9.Bh4 g5 10.Bg3 Nh6 11.dxe5 fxe5 12.h4 g4 13.Nh2 Be6 14.Nd5 Qd7 15.Ne3 Nc6
16.Nhxg4 Nd4 17.Nh2 Qc6 18.Bd3 Qb6 19.b3 Qa5+ 20.Kf1 c6 21.Kg1 a6 22.Nc2 c5
23.Nf1 Rf7 24.Nfe3 Raf8 25.f3 Qd8 26.Nd5 Bxd5 27.cxd5 b5 28.Nxd4 exd4 29.Qd2 Qb6
30.Kh2 Rc8 31.Rhc1 Rfc7 32.Rab1 Qa7 33.Bxd6 c4 34.bxc4 bxc4 35.Bxc4 Nf7 36.Bxc7 Qxc7+
37.g3 Qd6 38.Be2 Rd8 39.Rc6 Qxc6 40.dxc6  1-0

[Event "Panormo zt"]
[Site "Panormo"]
[Date "1998.10.27"]
[Round "4"]
[White "Giorgadze, Giorgi"]
[Black "Banikas, Hristos"]
[Result "1-0"]
[WhiteElo "2610"]
[BlackElo "2490"]

1.d4 Nf6 2.c4 g6 3.Nc3 Bg7 4.Nf3 O-O 5.e4 d6 6.Be2 e5 7.Be3 exd4 8.Nxd4 Re8
9.f3 c6 10.Bf2 d5 11.exd5 cxd5 12.O-O Nc6 13.c5 Nh5 14.Qd2 Be5 15.g3 Ng7
16.Rfd1 Be6 17.Ncb5 a6 18.Nxc6 bxc6 19.Bd4 Bd7 20.Bxe5 Rxe5 21.Nd4 Qe7 22.Rac1 Nf5
23.Nxf5 Bxf5 24.Bf1 a5 25.b3 h5 26.Kf2 Re8 27.Re1 Rxe1 28.Qxe1 Qxe1+ 29.Rxe1 Kf8
30.Rxe8+ Kxe8 31.Ke3 Kd7 32.Kd4 Ke7 33.Be2 f6 34.h4 Kd7 35.a3 Ke6 36.b4 axb4
37.axb4 Bc2 38.b5 cxb5 39.Bxb5 Bd1 40.Ke3 Ke5 41.f4+ Ke6 42.Bd3 Kf7 43.Kd4 Bf3
44.c6 Ke7 45.Kc5  1-0

[Event "Hampstead GM4"]
[Site "Hampstead"]
[Date "1998.10.28"]
[Round "4"]
[White "Pedersen, Steffen"]
[Black "McNab, Colin Anderson"]
[Result "1/2-1/2"]
[WhiteElo "2415"]
[BlackElo "2445"]

1.d4 d6 2.Nf3 Nf6 3.c4 Nbd7 4.Nc3 e5 5.e4 g6 6.Be2 Bg7 7.O-O O-O 8.Be3 Re8
9.Qc2 exd4 10.Nxd4 Nc5 11.f3 Nh5 12.g4 Nf4 13.Rfd1 Be5 14.Nd5 Nxe2+ 15.Nxe2 c6
16.Ndc3 Qh4 17.Ng3 Ne6 18.Qd2 Qf6 19.Rf1 Nf4 20.Rac1 Be6 21.b3 h5 22.gxh5 Qh4
23.hxg6 fxg6 24.Nce2 Nxe2+ 25.Qxe2 Bh3 26.Rf2 Bxg3 27.hxg3 Qxg3+ 28.Kh1 Kf7
29.Rh2 Rh8 30.Bd4 Rh5 31.Rg1 Qf4 32.Qf2 Re8 33.Qg3 Qh6 34.Qxd6 Re6 35.Qg3 a5
36.Bb2 Re7 37.Bc1 Qh7 38.Bd2 Rd7 39.Bxa5 Rxa5 40.Rxh3 Rh5 41.Kh2 Qh6 42.Rxh5 Qxh5+
43.Qh3 Rd2+ 44.Rg2 Qe5+ 45.Qg3 Qh5+ 46.Qh3 Qe5+ 47.Kh1 Qa1+ 48.Rg1 Qg7 49.Qh4 Rxa2
50.Rd1 Ra1 51.Qf4+ Kg8 52.Rxa1 Qxa1+ 53.Kg2 Qb2+ 54.Kg3 Qxb3 55.Qb8+ Kh7
56.Qc7+ Kg8 57.Qd8+ Kh7 58.Qe7+ Kg8 59.Qe6+ Kg7 60.Kf4 Qb2 61.Qe7+ Kh6 62.Qg5+ Kg7
63.Qe5+ Qxe5+ 64.Kxe5 b5 65.cxb5 cxb5 66.f4 b4 67.Kd4 g5 68.fxg5 Kg6 69.Kc4 Kxg5
70.Kxb4  1/2-1/2

[Event "Hampstead GM4"]
[Site "Hampstead"]
[Date "1998.10.31"]
[Round "8"]
[White "Gormally, Daniel"]
[Black "Mittelman, Gur"]
[Result "1/2-1/2"]
[WhiteElo "2400"]
[BlackElo "2410"]

1.d4 Nf6 2.Nf3 g6 3.c4 Bg7 4.Nc3 O-O 5.e4 d6 6.Be2 e5 7.O-O Na6 8.Re1 c6
9.Bf1 exd4 10.Nxd4 Ng4 11.h3 Qb6 12.hxg4 Qxd4 13.Qf3 Qe5 14.Bf4 Qe7 15.g5 Be5
16.Qg3 f6 17.Rad1 fxg5 18.Qxg5 Qf7 19.Bg3 Nc7 20.Qe3 Qf6 21.Ne2 Bxg3 22.Nxg3 Qe5
23.Qd4 Ne8 24.b4 Be6 25.a3 a5 26.b5 cxb5 27.cxb5 Rc8 28.Qxe5 dxe5 29.Re3 Kf7
30.Ne2 Ke7 31.Nc3 Nf6 32.f3 Rc5 33.Na4 Rc2 34.Nb6 Rc5 35.Na4 Rc2 36.Nb6 Rc5  1/2-1/2

[Event "Wch U18 Girls"]
[Site "Oropesa del Mar"]
[Date "1998.10.31"]
[Round "6"]
[White "Sheldon, Ruth"]
[Black "Voicu, Carmen"]
[Result "1-0"]
[WhiteElo "2220"]
[BlackElo "2120"]

1.d4 Nf6 2.c4 g6 3.Nc3 Bg7 4.e4 d6 5.Be2 O-O 6.Nf3 e5 7.d5 a5 8.Bg5 h6 9.Bh4 Na6
10.Nd2 Qe8 11.a3 Bd7 12.b3 Nh7 13.O-O h5 14.f3 f5 15.Bf2 Bh6 16.Rb1 Nc5 17.Qc2 Qe7
18.b4 axb4 19.axb4 Na4 20.Nb5 Bxb5 21.cxb5 Nb6 22.Ra1 Rab8 23.Ra3 Nf6 24.Rd1 fxe4
25.fxe4 Ng4 26.Bxg4 hxg4 27.Nf1 Rf7 28.Ne3 Qg5 29.Bg3 Nd7 30.Qxc7 Rbf8 31.Qc4 Nf6
32.Qe2 Kg7 33.Nc4 Ne8 34.b6 Kh7 35.Raa1 Qh5 36.Ra8 Rf6 37.Rb8 Bf4 38.Rxb7+ Kg8
39.Ne3 g5 40.Nf5 R6f7 41.Rxf7 Rxf7 42.Qb5 Rh7 43.b7 Bxg3 44.hxg3  1-0

[Event "Chigorin mem"]
[Site "St. Petersburg"]
[Date "1998.10.31"]
[Round "1"]
[White "Kirusha, Andrey"]
[Black "Kaparov, Danial"]
[Result "1-0"]
[WhiteElo "2400"]
[BlackElo "2020"]

1.d4 Nf6 2.Nf3 g6 3.c4 Bg7 4.Nc3 O-O 5.e4 d6 6.Be2 Nbd7 7.O-O e5 8.Be3 c6
9.d5 c5 10.Ne1 Re8 11.Nd3 a6 12.f3 Qc7 13.Rb1 Nb6 14.b3 Bd7 15.Qd2 Rad8 16.Nf2 Bc8
17.b4 Nbd7 18.Na4 b6 19.Rb3 Bb7 20.Rfb1 Rb8 21.Nxb6 Nxb6 22.bxc5 Nxc4 23.Bxc4 dxc5
24.d6 Qd7 25.Qb2 Qxd6 26.Rxb7 Rxb7 27.Qxb7 Nd7 28.Qd5 Qe7 29.Rb7 Rd8 30.Nd3  1-0

[Event "Corsican op"]
[Site "Bastia"]
[Date "1998.11.01"]
[Round "1"]
[White "Daloz, Jean Michel"]
[Black "Tkachiev, Vladislav"]
[Result "0-1"]
[WhiteElo "2180"]
[BlackElo "2645"]

1.d4 Nf6 2.c4 g6 3.Nc3 Bg7 4.e4 d6 5.Nf3 O-O 6.Be2 Na6 7.O-O e5 8.d5 Nh5
9.Ne1 Nf4 10.Nd3 Nxd3 11.Bxd3 f5 12.exf5 gxf5 13.f4 Qf6 14.Kh1 Bd7 15.fxe5 Qxe5
16.Ne2 Nc5 17.Bc2 Rae8 18.Nf4 Qd4 19.Nh5 Qxd1 20.Rxd1 Re2 21.Nxg7 Rxc2 22.Nh5 Ne4
23.Kg1 Rxc4 24.Bh6 Re8 25.Rac1 Rxc1 26.Rxc1 c6 27.dxc6 bxc6 28.Rc4 Kf7 29.Bf4 c5
30.Ng3 Bb5 31.Nxe4 fxe4 32.Rc3 Re6 33.Kf2 Bd3 34.Ke3 a6 35.Rb3 d5 36.Rb7+ Kg6
37.g3 d4+ 38.Kd2 Bb5 39.b3 e3+ 40.Kd1 d3 41.a4 Bc6 42.Rc7 Bf3+  0-1

[Event "Chigorin mem"]
[Site "St. Petersburg"]
[Date "1998.11.01"]
[Round "2"]
[White "Kirusha, Andrey"]
[Black "Voitsekhovsky, Stanislav"]
[Result "0-1"]
[WhiteElo "2400"]
[BlackElo "2545"]

1.d4 Nf6 2.Nf3 g6 3.c4 Bg7 4.Nc3 O-O 5.e4 d6 6.Be2 Nbd7 7.O-O e5 8.Be3 Re8
9.d5 Ng4 10.Bg5 f6 11.Bd2 a5 12.Ne1 Nh6 13.Nd3 f5 14.a3 Nf6 15.f3 Bf8 16.b4 f4
17.bxa5 g5 18.g4 fxg3 19.hxg3 g4 20.fxg4 Nhxg4 21.Bg5 Be7 22.Qd2 Kh8 23.Bxg4 Bxg4
24.Rf2 Nh5 25.Bxe7 Qxe7 26.Qe3 Rg8 27.Kh2 Rg7 28.Rg1 Rag8 29.c5 Bc8 30.Ne2 Nxg3
31.Rxg3 Rxg3 32.Qxg3 Rxg3 33.Kxg3 dxc5 34.Kf3 c4 35.Nb4 h5 36.Ng3 Bg4+ 37.Kg2 h4
38.Nf5 Qg5 39.Kf1 h3  0-1

[Event "Wch U18 Girls"]
[Site "Oropesa del Mar"]
[Date "1998.11.02"]
[Round "7"]
[White "Ovod, Evgenija"]
[Black "Ionica, Iulia"]
[Result "0-1"]
[WhiteElo "2390"]
[BlackElo "2195"]

1.d4 Nf6 2.c4 g6 3.Nc3 Bg7 4.e4 d6 5.Nf3 O-O 6.Be2 e5 7.O-O exd4 8.Nxd4 Re8
9.f3 Nc6 10.Be3 Nh5 11.f4 Nf6 12.Bf3 Ng4 13.Bxg4 Bxg4 14.Qxg4 Nxd4 15.f5 Nc2
16.fxg6 fxg6 17.Bg5 Qc8 18.Qxc8 Raxc8 19.Rad1 Bxc3 20.bxc3 Rxe4 21.Rd2 Na3
22.Rdf2 Nxc4 23.Bh6 Ree8 24.Rf7 Ne5 25.Rg7+ Kh8 26.h3 a5 27.a4 b6 28.Kh2 Rg8
29.Re7 g5 30.Rf5 g4 31.Bg5 Rg6 32.Bf6+ Kg8 33.Bxe5 dxe5 34.h4 Rf8 35.Rfxe5 Rf7
36.Re8+ Kg7 37.h5 Rc6 38.Rg5+ Kh6 39.Rxg4 Rxc3 40.g3 Rc5 41.Re6+ Kxh5 42.Kh3 Rd7
43.Rg8 Rd3 44.Re7 Kh6 45.Re6+ Kh5 46.Rg7 Rdc3 47.Rxh7+ Kg5 48.Rg7+ Kf5 49.Rgg6 Re5
50.Ref6+ Ke4 51.Kh4 Kd5 52.g4 Rc4 53.Rf7 Re6 54.Rgg7 c5 55.Rd7+ Rd6 56.Rc7 Rxa4
57.Rg5+ Kd4 58.Rf5 c4 59.g5 Kd3 60.Kh5 Ra1 61.Rf3+ Ke2 62.Rh3 b5 63.Rc5 Rb1
64.g6 Rg1 65.Rg5 Rxg5+ 66.Kxg5 Rd8 67.Kf4 b4 68.Ke4 c3 69.Rh2+ Kd1 70.g7 Rg8
71.Kd3 Kc1 72.Rg2 Kb1 73.Rg1+ Kb2 74.Rg2+ Kb3 75.Ke2 c2 76.Kd2 Rd8+ 77.Ke2 c1=Q
78.Rg3+ Kb2 79.Kf3  0-1

[Event "Chigorin mem"]
[Site "St. Petersburg"]
[Date "1998.11.02"]
[Round "3"]
[White "Ananchenko, Igori"]
[Black "Kaparov, Danial"]
[Result "1-0"]
[WhiteElo "2285"]
[BlackElo "2020"]

1.d4 Nf6 2.c4 g6 3.Nc3 Bg7 4.e4 d6 5.Be2 O-O 6.Nf3 Nbd7 7.O-O e5 8.Qc2 c6
9.Rd1 Qe7 10.b4 exd4 11.Nxd4 Re8 12.f3 d5 13.exd5 Qxb4 14.dxc6 bxc6 15.Kh1 Ne5
16.Rb1 Qe7 17.Bg5 c5 18.Nd5 Qd8 19.Nb5 Bf5 20.Nxf6+ Bxf6 21.Rxd8 Bxc2 22.Rxa8 Rxa8
23.Bxf6 Bxb1 24.Bxe5 Re8 25.f4 Bxa2 26.Kg1 Rd8 27.Kf2 Rd2 28.Nc3 Bb3 29.Ke3 Rd8
30.Ne4 Rc8 31.Bd6 Bc2 32.Nxc5 Rc6 33.Nb7 Rb6 34.Bf3 Bd1 35.Bxd1 Rxb7 36.c5 Rd7
37.Ke4 f5+ 38.Ke5 Kf7 39.c6 Rd8 40.c7 Rc8 41.Bb3+ Ke8 42.Ke6 a5 43.Ba4+  1-0

[Event "Wch U16"]
[Site "Oropesa del Mar"]
[Date "1998.11.04"]
[Round "9"]
[White "Kekenj, Aleksandar"]
[Black "Cawdery, Daniel"]
[Result "0-1"]
[WhiteElo "2215"]
[BlackElo "2125"]

1.d4 Nf6 2.c4 g6 3.Nc3 Bg7 4.e4 d6 5.Be2 O-O 6.Nf3 e5 7.d5 a5 8.Bg5 h6 9.Bh4 Qe8
10.Nd2 Nh7 11.O-O h5 12.f3 Na6 13.a3 Bd7 14.Kh1 Bh6 15.b3 b6 16.Rb1 f5 17.exf5 Bxf5
18.Nde4 g5 19.Bf2 Qg6 20.Bd3 g4 21.fxg4 hxg4 22.Qc2 Rf7 23.b4 axb4 24.axb4 Raf8
25.c5 Ng5 26.Bg1 Bxe4 27.Nxe4 Nxb4 28.Rxb4 Rxf1 29.Ng3 Rxg1+ 30.Kxg1 e4 31.Nxe4 Nxe4
32.Rxe4 Qxe4  0-1

[Event "Chigorin mem"]
[Site "St. Petersburg"]
[Date "1998.11.06"]
[Round "6"]
[White "Lastin, Alexander"]
[Black "Milton, Sergei"]
[Result "1-0"]
[WhiteElo "2550"]
[BlackElo "2345"]

1.Nf3 Nf6 2.c4 g6 3.Nc3 Bg7 4.e4 d6 5.d4 O-O 6.Be2 e5 7.Be3 Qe7 8.dxe5 dxe5
9.Nd5 Qd8 10.Bc5 Nxe4 11.Be7 Qd7 12.Bxf8 Kxf8 13.Qc2 f5 14.Rd1 Nc6 15.b4 Nd4
16.Nxd4 exd4 17.O-O Qd6 18.f3 Ng5 19.Qd2 Ne6 20.a3 c6 21.Ne3 Be5 22.g3 f4
23.Ng4 fxg3 24.hxg3 Bg7 25.f4 b6 26.Bf3 Rb8 27.Ne5 Bb7 28.Rde1 Kg8 29.Nd3 Ba6
30.Qa2 Re8 31.c5 Qd7 32.Bg4 Kf7 33.f5 gxf5 34.Bxf5  1-0

[Event "SWE-chT 9899"]
[Site "Sweden"]
[Date "1998.11.07"]
[Round "4"]
[White "Johansson, Victoria"]
[Black "Jonsson, Hans"]
[Result "0-1"]
[WhiteElo "2165"]
[BlackElo "2395"]

1.d4 Nf6 2.c4 g6 3.Nc3 Bg7 4.e4 d6 5.Nf3 O-O 6.Be2 e5 7.O-O Na6 8.Re1 c6
9.Bf1 Bg4 10.dxe5 Bxf3 11.Qxf3 dxe5 12.Be3 Qe7 13.Rad1 Nc5 14.Rd2 Rfd8 15.Red1 Rxd2
16.Rxd2 Ne6 17.Qd1 h5 18.h3 Kh7 19.a3 Bh6 20.Bxh6 Kxh6 21.b4 a5 22.c5 axb4
23.axb4 Kg7 24.Bc4 Nd4 25.f4 Ra3 26.Rd3 exf4 27.Qc1 Rxc3 28.Rxc3 Nxe4 29.Qe1 f3
30.gxf3 Qg5+ 31.Kh2 Qf4+ 32.Kg2 Nxc3 33.Qxc3 h4 34.Kf2 f6 35.Bf1 Qg3+ 36.Ke3 Nxf3  0-1

[Event "SLO-chT"]
[Site "Bled"]
[Date "1998.11.08"]
[Round "2"]
[White "Osterman, Rudolf"]
[Black "Mohr, Georg"]
[Result "1/2-1/2"]
[WhiteElo "2385"]
[BlackElo "2470"]

1.d4 Nf6 2.c4 g6 3.Nc3 Bg7 4.e4 d6 5.Nf3 O-O 6.Be2 e5 7.O-O Nh5 8.Bg5 f6
9.Be3 Nf4 10.Bxf4 exf4 11.Rc1 g5 12.h3 c6 13.b4 a5 14.b5 Kh8 15.c5 f5 16.exf5 Bxf5
17.cxd6 Qxd6 18.Bd3 Nd7 19.bxc6 bxc6 20.Nxg5 Qg6 21.Bxf5 Rxf5 22.Nf3 Bf6
23.Kh1 Rg8 24.Rg1 c5 25.Ne4 cxd4 26.Nxf6 Qxf6 27.Qxd4 Qxd4 28.Nxd4 Rd5 29.Nf3 Ne5
30.Nxe5 Rxe5 31.Rc2 Rf8 32.f3 Kg7 33.Rb1 Kg6 34.Kh2 Rf7 35.a4 Kg5 36.Rb5 Rxb5
37.axb5 Rb7 38.Rc5+ Kg6 39.h4 a4 40.Rc4 Rxb5 41.Rxa4 Kf5 42.Kh3 Rb7 43.Ra5+ Kf6
44.Rg5 h6 45.Rg8 Kf5 46.h5 Rb1 47.Kh2 Rb6 48.Rc8 Rb5 49.Rc6 Kg5 50.Rg6+ Kxh5
51.Rg4 Rf5 52.Kg1 Rf8 53.Kf2 Rf7 54.Ke2 Re7+ 55.Kd3 Re3+ 56.Kd4 Rxf3 57.gxf3  1/2-1/2

[Event "Young Masters 5th"]
[Site "Loures"]
[Date "1998.11.08"]
[Round "6"]
[White "Reis, Luis Sousa"]
[Black "Paramos Dominguez, Roberto"]
[Result "1/2-1/2"]
[WhiteElo "2225"]
[BlackElo "2435"]

1.d4 Nf6 2.c4 g6 3.Nc3 Bg7 4.e4 d6 5.Nf3 O-O 6.Be2 e5 7.dxe5 dxe5 8.Qxd8 Rxd8
9.Bg5 Re8 10.Rd1 h6 11.Bxf6 Bxf6 12.Nd5 Bd8 13.Nxe5 Rxe5 14.Nb6 axb6 15.Rxd8+ Kg7
16.Rxc8 Rxa2 17.Rxb8 Rxe4 18.f3 Ra1+ 19.Kd2 Rxe2+ 20.Kxe2 Rxh1 21.Rxb7 Rxh2
22.Kf2 Rh1 23.b4 Rc1 24.Rxc7 b5 25.c5 Rc4 26.Rb7 Rxb4 27.c6 Rc4 28.c7 b4
29.Rxb4 Rxc7 30.Rb6 Rc2+ 31.Kg3 h5 32.Kh3 g5 33.Kg3 f6 34.Ra6 Kg6 35.Ra5 Rd2
36.Rb5 Re2 37.Ra5 h4+ 38.Kh3 f5 39.Ra8 Rb2 40.Rf8 Ra2 41.Kh2 Ra1 42.Rh8 Ra4
43.Rf8 Rb4 44.Kh3 Rb2 45.Kh2 Rb5 46.Kh3 Kg7 47.Ra8 Kf6 48.Rg8 Ra5 49.Kh2 Ra1
50.Re8 Ra2 51.Kh3 Ra3 52.Kh2 Rb3 53.Rg8 Re3 54.Kh3 g4+ 55.Kxh4 gxf3 56.Kg3 fxg2+
57.Kxg2 Ke5 58.Ra8 Kf4 59.Ra4+ Re4 60.Ra2 Kg4 61.Kf2 Rb4 62.Ra3 Rb2+ 63.Kf1 f4
64.Rc3 Ra2 65.Rb3 f3 66.Rb8 Kg3  1/2-1/2

[Event "Budapest FS11 IM-A"]
[Site "Budapest"]
[Date "1998.11.10"]
[Round "4"]
[White "Kraai, Jesse"]
[Black "Kahn, Evarth"]
[Result "1-0"]
[WhiteElo "2385"]
[BlackElo "2325"]

1.d4 Nf6 2.c4 g6 3.Nc3 Bg7 4.e4 d6 5.Nf3 O-O 6.Be2 e5 7.d5 a5 8.Bg5 h6 9.Bh4 Qe8
10.Nd2 Nh7 11.O-O h5 12.f3 Bh6 13.Kh1 Na6 14.b3 Bd7 15.a3 Nc5 16.Rb1 Be3
17.Nb5 Qb8 18.b4 axb4 19.axb4 Na4 20.Rb3 Bh6 21.Nb1 Bxb5 22.cxb5 Bg5 23.Bf2 Nb6
24.Qc2 Nd7 25.Rc3 Bd8 26.Rd1 b6 27.Rdd3 Ndf6 28.Ra3 Rxa3 29.Rxa3 Ne8 30.Qc6 f5
31.Ra8 Qxa8 32.Qxa8 Bg5 33.exf5 gxf5 34.Qc8  1-0

[Event "Budapest FS11 IM-A"]
[Site "Budapest"]
[Date "1998.11.12"]
[Round "6"]
[White "Kraai, Jesse"]
[Black "Farago, Sandor"]
[Result "1/2-1/2"]
[WhiteElo "2385"]
[BlackElo "2335"]

1.d4 Nf6 2.c4 g6 3.Nc3 Bg7 4.e4 d6 5.Nf3 O-O 6.Be2 e5 7.d5 a5 8.Bg5 h6 9.Bh4 Qe8
10.Nd2 Na6 11.O-O Nh7 12.a3 Bd7 13.b3 Bf6 14.Bxf6 Nxf6 15.Rb1 Nc5 16.Qc2 Bg4
17.f3 Bd7 18.Nb5 Qd8 19.b4 axb4 20.axb4 Bxb5 21.bxc5 Ba6 22.Nb3 Nd7 23.c6 bxc6
24.dxc6 Nb8 25.Qd2 Nxc6 26.Qxh6 Qf6 27.Ra1 Rfb8 28.Rfb1 Qe6 29.Qc1 Bc8 30.Rxa8 Rxa8
31.c5 Ba6 32.cxd6 Qxd6 33.Ra1 Bb7 34.Rxa8+ Bxa8 35.Bc4 Nd4 36.Qc3 Kg7 37.h3 Bc6
38.Kh2 Bd7 39.Bf1 Be6 40.Nc5 c6 41.Nd3 f6 42.Qa5 Nb3 43.Qa7+ Bf7 44.Qb7 c5
45.Nb2 Nd2 46.Bc4 Nxc4 47.Nxc4 Qd4 48.Nb6 c4 49.Qc7 c3 50.Nd5 c2 51.Qxc2  1/2-1/2

[Event "Donetzk zt"]
[Site "Donetsk"]
[Date "1998.11.12"]
[Round "10"]
[White "Savchenko, Stanislav"]
[Black "Kuzmin, Gennadi P"]
[Result "1/2-1/2"]
[WhiteElo "2555"]
[BlackElo "2560"]

1.Nf3 Nf6 2.c4 d6 3.d4 g6 4.Nc3 Bg7 5.e4 O-O 6.Be2 e5 7.O-O Nbd7 8.Qc2 Ng4
9.Bg5 f6 10.Bh4 Nh6 11.dxe5 dxe5 12.Rad1 Nf7 13.c5 c6 14.b4 Qe7 15.Nd2 Nb8
16.Na4 Be6 17.Nb3 Nd7 18.Na5 Rab8 19.Bc4 Rfc8 20.Bxe6 Qxe6 21.f3 Nf8 22.Bf2 Bh6
23.Nb2 b5 24.Qb3 Rc7 25.Rd3 Qxb3 26.Nxb3 Ne6 27.Rfd1 Rd8 28.Rxd8+ Nexd8 29.Kf1 Ne6
30.g3 f5 31.exf5 gxf5 32.Ke2 Kf8 33.Be3 Bg7 34.Nd3 h5 35.Nf2 Ke7 36.Bc1 Rc8
37.Bb2 Rh8 38.Na5 Ned8 39.f4 Rh6 40.a3 h4 41.g4 fxg4 42.Nxg4 Rg6 43.Ne3 Ke8
44.fxe5 h3 45.Rd4 Bxe5 46.Re4 Re6 47.Bxe5 Nxe5 48.Nf5 Kd7 49.Nd4 Re7 50.Nf3 Ndf7
51.Kf2 Nd3+ 52.Ke3 Nde5 53.Nxe5+ Nxe5 54.Kf4 Nd3+ 55.Ke3 Rxe4+ 56.Kxe4 Ne1
57.Kf4 Nc2 58.Kg3 Nxa3 59.Kxh3 Nc2 60.Kg4 Nxb4 61.Kf5 Nd3 62.Nb3 a5 63.Nxa5 Nxc5
64.h4  1/2-1/2

[Event "SLO-chT"]
[Site "Bled"]
[Date "1998.11.13"]
[Round "7"]
[White "Srebrnic, Vojko"]
[Black "Guid, Matej"]
[Result "1/2-1/2"]
[WhiteElo "2285"]
[BlackElo "2180"]

1.d4 Nf6 2.Nf3 g6 3.c4 Bg7 4.Nc3 O-O 5.e4 d6 6.Be2 e5 7.dxe5 dxe5 8.Qxd8 Rxd8
9.Bg5 Re8 10.O-O-O c6 11.Nxe5  1/2-1/2

[Event "SLO-chT"]
[Site "Bled"]
[Date "1998.11.13"]
[Round "7"]
[White "Tratar, Marko"]
[Black "Ciglic, Boris"]
[Result "1/2-1/2"]
[WhiteElo "2450"]
[BlackElo "2170"]

1.Nf3 Nf6 2.c4 g6 3.Nc3 Bg7 4.e4 d6 5.d4 O-O 6.Be2 e5 7.O-O exd4 8.Nxd4 Re8
9.f3 Nc6 10.Be3 Nh5 11.f4 Nf6 12.Bf3 Bd7 13.Nc2 a6 14.c5 Be6 15.cxd6 cxd6
16.Nd4 Bf5 17.e5 Nxd4 18.Bxd4 dxe5 19.fxe5 Nd7 20.Bxb7 Rb8 21.Bxa6 Nxe5 22.Bb5 Re6
23.Bxe5 Qb6+ 24.Kh1 Rxe5 25.a4 Rd8 26.Qf3 Re3 27.Qc6 Qxc6 28.Bxc6 Bxc3 29.bxc3 Rxc3
30.Bf3 Rd7 31.Rfc1 Rxc1+ 32.Rxc1 Ra7 33.Ra1 Ra5 34.Kg1 Bd7 35.Bd1 Kg7 36.Kf2 Bc6
37.g3 Kf6 38.Ke3 Ke5 39.Kd3 f5 40.Kc4 g5 41.Kb4 Ra8 42.a5 Kd4 43.a6 Rb8+
44.Ka3 Rb5 45.Bc2 h6 46.Rd1+ Ke3 47.Rd6 Ra5+ 48.Kb4 Rxa6 49.Bxf5 Bb5 50.Rd8 Be2
51.h4 Rf6 52.hxg5 hxg5 53.g4 Bxg4 54.Rd3+ Ke2 55.Bh7 Rf4+ 56.Kc3 Bf5 57.Rg3 Rg4
58.Rxg4 Bxg4 59.Kd4 Kf3 60.Ke5 Bc8 61.Bc2 Bg4 62.Kf6 Kf4 63.Ba4 Bc8 64.Bd1 Bb7
65.Bh5 Bc8 66.Bd1 Bg4 67.Ba4 Bf3 68.Bd7 Bh5 69.Be6 Bg4 70.Bb3  1/2-1/2

[Event "DEN-chT 9899"]
[Site "Denmark"]
[Date "1998.11.14"]
[Round "2"]
[White "Olsen, Heini"]
[Black "Mortensen, Erling"]
[Result "1-0"]
[WhiteElo "2320"]
[BlackElo "2465"]

1.d4 Nf6 2.c4 g6 3.Nc3 Bg7 4.e4 d6 5.Nf3 O-O 6.Be2 Nbd7 7.O-O e5 8.Qc2 c6
9.Rd1 Qe7 10.d5 cxd5 11.cxd5 Ne8 12.Nd2 f5 13.Nc4 Ndf6 14.a4 Nxe4 15.Nxe4 fxe4
16.a5 Nf6 17.h3 Bf5 18.Be3 h5 19.Ra3 Kh7 20.Qd2 Ng8 21.Qb4 Rfd8 22.Rb3 Bc8
23.Nd2 Bh6 24.Nxe4 Bxe3 25.fxe3 Bf5 26.Bd3 Rd7 27.Rc1 Rf8 28.Bb5 Bxe4 29.Bxd7 Bxd5
30.Rbc3 Nf6 31.Bb5 Kh6 32.Rd1 a6 33.Bd3 Rd8 34.e4 Bc6 35.Bc2 Ne8 36.Rcd3 Qh4
37.Rf3 Kg7 38.Rdf1 Rd7 39.Qb3 Qe7 40.Qc3 Nc7 41.Bb3 Nb5 42.Qb4 Qg5 43.Qc4 Nd4
44.Qg8+ Kh6 45.Qh8+ Rh7 46.Qf8+ Rg7 47.Rf7 Qe3+ 48.Kh2 Qxe4 49.Qxg7+ Kg5
50.Qf6+ Kh6 51.Qh8+ Kg5 52.Qd8+ Kh6 53.R1f2 Nxb3 54.Rf8  1-0

[Event "SVK-chT2A 9899"]
[Site "SVK"]
[Date "1998.11.14"]
[Round "3"]
[White "Sarmir, Milos"]
[Black "Petreje, Juraj"]
[Result "0-1"]
[WhiteElo "2175"]
[BlackElo "2140"]

1.d4 Nf6 2.c4 g6 3.Nf3 Bg7 4.Nc3 d6 5.e4 O-O 6.Be2 e5 7.d5 Nh5 8.O-O Nf4
9.Bxf4 exf4 10.Qd2 Qf6 11.Rad1 a6 12.h3 Nd7 13.Rfe1 Ne5 14.Nxe5 Qxe5 15.Bf3 b6
16.Rb1 Qg5 17.Ne2 Be5 18.Kh1 Qh4 19.Ng1 h5 20.Bd1 Qf6 21.Nf3 Re8 22.a3 Bd7
23.Nxe5 Rxe5 24.b4 Qh4 25.Rb3 Rae8 26.Bc2 Ba4 27.Rc3 Bxc2 28.Qxc2 f5 29.c5 bxc5
30.bxc5 fxe4 31.cxd6 cxd6 32.Rc8 f3 33.Re3 Kg7 34.Rxe8 Rxe8 35.gxf3 Qxh3+
36.Kg1 exf3 37.Qc3+ Kh6 38.Rxf3 Re1+ 39.Qxe1 Qxf3 40.Qd2+ g5 41.Qd4 Qg4+
42.Qxg4 hxg4 43.Kg2 Kg6 44.Kh2 Kf6 45.Kg2 Ke5 46.Kg3 Kf5 47.Kh2 Kf4 48.Kg2 a5
49.a4 g3 50.fxg3+ Ke4 51.Kh3 Kf3 52.Kh2 g4 53.Kh1 Ke4  0-1

[Event "AUT-chT2O 9899"]
[Site "AUT"]
[Date "1998.11.15"]
[Round "4"]
[White "Wais, Michael"]
[Black "Kuthan, Andreas"]
[Result "0-1"]
[WhiteElo "2095"]
[BlackElo "2190"]

1.d4 Nf6 2.c4 g6 3.Nc3 Bg7 4.e4 d6 5.Be2 O-O 6.Nf3 e5 7.O-O exd4 8.Nxd4 Re8
9.f3 c6 10.Bg5 Na6 11.Qd2 Nc7 12.Rfd1 a6 13.Nc2 Ne6 14.Be3 Bf8 15.a4 a5 16.Qe1 Qc7
17.Rd2 Nd7 18.Qg3 Ndc5 19.Rf1 Qe7 20.Rdd1 Ng7 21.Nd4 f5 22.Bg5 Qc7 23.Qh4 Qb6
24.Rb1 Nce6 25.c5 Qxc5 26.Be3 Nxd4  0-1

[Event "Budapest FS11 IM-A"]
[Site "Budapest"]
[Date "1998.11.15"]
[Round "9"]
[White "Kraai, Jesse"]
[Black "Karatorossian, David"]
[Result "1-0"]
[WhiteElo "2385"]
[BlackElo "2395"]

1.d4 Nf6 2.c4 g6 3.Nc3 Bg7 4.e4 d6 5.Nf3 O-O 6.Be2 e5 7.d5 a5 8.Bg5 h6 9.Bh4 Na6
10.Nd2 Qe8 11.O-O Nh7 12.a3 Bd7 13.b3 Bf6 14.Bxf6 Nxf6 15.Qb1 Qe7 16.b4 Bg4
17.Rc1 Bxe2 18.Nxe2 b6 19.Qb2 Nb8 20.c5 bxc5 21.bxc5 dxc5 22.Qc2 Nbd7 23.Rab1 Qd6
24.Nc3 c6 25.Nc4 Qc7 26.Qa4 cxd5 27.exd5 Ra6 28.Rb5 Rb8 29.Rcb1 Rxb5 30.Rxb5 Kg7
31.h3 Ne8 32.Rxa5 Rxa5 33.Nxa5 Nd6 34.Nc4 Nxc4 35.Qxc4 Qa5 36.Nb5 Qe1+ 37.Qf1 Qd2
38.d6 e4 39.Qa1+ Kh7 40.Qc3 Qe2 41.Qb3 c4 42.Qb4 e3 43.fxe3 Qxe3+ 44.Kh2 Ne5
45.Qc3 Qxc3 46.Nxc3 Kg7 47.a4 Nc6 48.Nd5 Kf8 49.d7 c3 50.Nb4 Nd8 51.a5 Ke7
52.a6 c2 53.Nxc2 Nc6 54.Nd4 Na7 55.Kg3 Kxd7 56.Kf4 Kd6 57.Ke4 h5 58.Nf3 Ke6
59.Kd4 f6 60.Kc5 g5 61.Kb6 Nc8+ 62.Kc7 Nd6 63.Nd4+  1-0